Văn học dân gian Việt Nam

Αποθηκεύτηκε σε:
Λεπτομέρειες βιβλιογραφικής εγγραφής
Κύριος συγγραφέας: Đinh, Gia Khánh (Chủ biên)
Άλλοι συγγραφείς: Chu, Xuân Diễn, Võ, Quang Nhơn
Μορφή: Βιβλίο
Έκδοση: Hà Nội Giáo dục 2013
Έκδοση:Tái bản lần thứ mười bốn
Θέματα:
Ετικέτες: Προσθήκη ετικέτας
Δεν υπάρχουν, Καταχωρήστε ετικέτα πρώτοι!
Thư viện lưu trữ: Trung tâm Học liệu Lê Vũ Hùng, Trường Đại học Đồng Tháp
LEADER 01041pam a22003018a 4500
001 00033224
005 20171026081025.0
008 150512s2013 ||||||Viesd
020 |c 160000 
041 0 # |a Vie 
082 1 4 |a 398.209 597  |b V115H 
100 1 # |a Đinh, Gia Khánh  |e Chủ biên 
245 1 0 |a Văn học dân gian Việt Nam  |c Đinh Gia Khánh (ch.b); Chu Xuân Diễn, Võ Quang Nhơn 
250 # # |a Tái bản lần thứ mười bốn 
260 # # |a Hà Nội  |b Giáo dục  |c 2013 
300 # # |a 839 tr.  |c 24 cm. 
650 # 4 |a Văn học dân gian  |x Truyện cổ tích  |z Việt Nam 
653 # # |a Nghiên cứu 
653 # # |a Truyện cổ tích 
653 # # |a Sử thi anh hùng 
700 1 # |a Chu, Xuân Diễn 
700 1 # |a Võ, Quang Nhơn 
852 # # |j KM.0017990  |j KM.0017989 
852 # # |b Kho mượn  |j KM.0017989, KM.0017990 
910 0 # |d 12/5/2015  |a kchi 
980 # # |a Trung tâm Học liệu Lê Vũ Hùng, Trường Đại học Đồng Tháp